01097nam a2200181Ia 4500008004100000020001800041050002300059100004600082245011900128250001900247260004400266300003300310504003200343505043600375650003200811650003600843650003600879120625s2005 mx 001 0 spa d a9789706863799 4aHD30.28 bR63 20051 aRodríguez Valencia, Joaquíne , autor10aCómo aplicar la planeación estratégica a la pequeña y mediana empresa c / Joaquín Rodríguez Valencia  a5a. edición  aMéxicob : Cengage Learning c , 2005 ax, 289 páginas c ; 23 cm. aBibliografía: pp. 287-2890 aAspectos de cambio en la empresa y en la función de planeación Generalidades sobre la planeación Estrategia de la empresa Estudio de los cambios en el entorno de la actuación de las empresas mediante la elaboración de escenarios Planeación estratégica-táctica-operativa Cómo diseñar una planeación estratégica Cómo elaborar planes de acción Evaluación del sistema de planeación estratégica  4aPLANIFICACIÓN ESTRATEGICA 4aPLANIFICACIÓN DE NEGOCIOSx  4aPEQUEÑAS Y MEDIANAS EMPRESAS